Magyarságkép itt és most
Elmentve itt :
| Szerző: | |
|---|---|
| Adatforrás: | Meister |
| Forrásdokumentuma: | A Hét. - 25 sz., 1997, 3 p. |
| Nyelv: | magyar |
| Kulcsszavak: | politikai analízis magyarok (romániai) magyarságkép magyarellenesség (román) román magyarellenesség imagológia ellenségkép magyar-román kapcsolatok BÍBÓ István FUNAR Gheorghe CIORAN Emil |
| LEADER | 00655nab a2200241 i 4500 | ||
|---|---|---|---|
| 001 | bibPRO00007098 | ||
| 008 | 060524s1997 xx hun | ||
| 040 | |a Sz1 | ||
| 041 | |a hun | ||
| 100 | 1 | |a GÁLL Ernő | |
| 245 | 1 | 0 | |a Magyarságkép itt és most |c GÁLL Ernő |
| 695 | |a politikai analízis | ||
| 695 | |a magyarok (romániai) | ||
| 695 | |a magyarságkép | ||
| 695 | |a magyarellenesség (román) | ||
| 695 | |a román magyarellenesség | ||
| 695 | |a imagológia | ||
| 695 | |a ellenségkép | ||
| 695 | |a magyar-román kapcsolatok | ||
| 695 | |a BÍBÓ István | ||
| 695 | |a FUNAR Gheorghe | ||
| 695 | |a CIORAN Emil | ||
| 773 | 0 | |t A Hét. - |g 25 sz., 1997, 3 p. | |